Skupinová diskusia o zodpovednosti

Metódy a techniky kvalitatívneho prieskumu. Ich silné a slabé stránky. Výsledky dvoch skupinových diskusií, ktorých cieľom bolo odhaliť, ako študenti vnímajú pojem zodpovednosti a ako sa v tejto súvislosti správajú vo svojom bežnom živote.

Uložené v:
Podrobná bibliografia
Hlavný autor: Vokounová, Dana, 1962-
Médium: Kapitola
Jazyk:Slovak
Predmet:
Tagy: Pridať tag
Žiadne tagy, Buďte prvý, kto otaguje tento záznam!

MARC

LEADER 00000naa a2200000 4500
001 0145785
005 20240502072631.1
041 0 |a slo 
044 |a SK 
245 1 0 |a Skupinová diskusia o zodpovednosti  |c Dana Vokounová 
520 |a Metódy a techniky kvalitatívneho prieskumu. Ich silné a slabé stránky. Výsledky dvoch skupinových diskusií, ktorých cieľom bolo odhaliť, ako študenti vnímajú pojem zodpovednosti a ako sa v tejto súvislosti správajú vo svojom bežnom živote. 
610 2 0 |a výskum marketingový 
610 2 0 |a diskusia 
610 2 0 |a zodpovednosť 
610 2 0 |a študenti 
100 1 |a Vokounová, Dana, 1962-